000 00924nmm a2200289 a 4500
001 ocm000576756
003 TR-IsHL
005 20201028122634.0
008 110704s2007 tu tur
007 cr cn
020 _a9789753853583
035 _a576756
_b(N$T)
050 0 4 _aJC11
_b.P53 2007
090 0 4 _aJC11
_b.P53 2007
100 1 _aPlaton
_q(Eflatun)
245 1 0 _aDevlet
_h[electronic resource] /
_cPlaton (Eflatun) ; çev. Nurten Tunç
250 _a1. bs.
260 _aİstanbul :
_bOda Yayınları,
_c2007
300 _a348 p.
650 4 _aFelsefe, Psikoloji ve Din
650 4 _aPhilosophy, Psychology and Religion
650 0 _aPlatoncu felsefe
650 0 _aPlatonic philosophy
650 7 _aPHILOSOPHY / History & Surveys / Ancient & Classical
_2bisacsh
700 1 _aTunç, Nurten
856 4 0 _uhttp://search.ebscohost.com/login.aspx?direct=true&scope=site&db=e011xww&AN=576756
999 _c1975
_d1975